00225nam a22000857a 4500008004100000082002000041245002800061260004200089300000800131230704b xxu||||| |||| 00| 0 eng d a362.1bFCO 1991 aAIDS Control in Britain bForeign and Commonwealth Officec1991 a20p